Pays d'Europe Sur une carte - Statistiques

Statistiques générales
  • Ce quiz a été pris 486 fois
    434 depuis la dernière actualisation
  • Le résultat moyen est 31 sur 44
Réponses sur la Carte
Les réponses sont colorées sur une échelle allant du rouge au vert en fonction du pourcentage des utilisateurs qui les ont devinées à leur premier essai. Vous pouvez retrouver ces pourcentages ci-dessous.
 
Statistiques - réponses
Réponse % Correct
Allemagne
91%
Finlande
90%
Belgique
89%
Espagne
88%
Russie
88%
Suisse
88%
Irlande
87%
Pays-bas
86%
Pologne
86%
Italie
85%
France
80%
Andorre
79%
Portugal
77%
Vatican
77%
Islande
75%
Norvege
74%
Suede
74%
Estonie
73%
Royaume-Uni
73%
Autriche
72%
Saint-Marin
71%
Grèce
70%
Liechtenstein
70%
Ukraine
70%
Danemark
69%
Lettonie
69%
Malte
67%
Monaco
64%
Biélorussie
63%
Croatie
63%
RépubliqueTchèque
62%
Kosovo
60%
Slovénie
60%
Moldavie
59%
Lituanie
57%
Roumanie
55%
Bulgarie
54%
Hongrie
53%
Monténégro
53%
Macédoine du Nord
52%
Slovaquie
52%
Serbie
50%
Albanie
47%
Bosnie-Hérzegovine
46%
Aucun quiz correspondant
Distribution des résultats
% des personnes avec chaque résultat
Percentile par nombre de réponses
Votre historique - résultats
Vous n’avez pas pris ce quiz depuis la dernière actualisation